| 000 | 00997nam a22002897a 4500 | ||
|---|---|---|---|
| 001 | 4043 | ||
| 003 | FISKH | ||
| 005 | 20250805102707.0 | ||
| 008 | 240603b cb ||||| |||| 00| 0 eng d | ||
| 020 | _a9789814281140 | ||
| 040 |
_aFISKH _beng _cFISKH _dFISKH |
||
| 050 | _aPZ7 | ||
| 082 | _a398.209415 | ||
| 100 | _aSmith, Annette | ||
| 245 |
_aStone soup / _cRetold by Annette Smith ; Illustrations by Naomi C Lewis |
||
| 260 |
_aVictoria : _bNelson Cengage Learning, _c1998. |
||
| 300 |
_a32 pages : _bcolor illustrations ; _c21 cm |
||
| 490 | _aPM Traditional Tales and Plays | ||
| 505 | _aJ | ||
| 520 | _aA collection of simplified short versions of well known traditional tales. PM Tales and Plays retell the tale in story form and as plays in language that children can actually read. | ||
| 521 | 8 |
_a460
_bLexile |
|
| 521 | 8 |
_aJ
_bRaz-plus |
|
| 650 |
_aFolktale _xFairy Tales |
||
| 700 |
_aLewis, Naomi C _eIllustrator |
||
| 942 |
_2ddc _cBK _n0 |
||
| 999 |
_c4043 _d4043 |
||